[Event "DVM U10 2013"]
[Site "Magdeburg GER"]
[Date "2013.12.28"]
[Round "3"]
[White "Voß, Torben"]
[Black "Rose, Noah"]
[Result "0-1"]
[Termination "normal"]
[Board "15.1"]
[WhiteElo "885"]
[BlackElo "845"]
[WhiteTeam "Schachzwerge Magdeburg 3"]
[BlackTeam "BSG Grün-Weiß Leipzig 2"]
[BlackFideId "12990191"]
[EventCountry "GER"]
[EventRounds "6"]
[EventType "team-swiss"]
[EventDate "2013.12.27"]

1. e4 e5 2. Nf3 Nc6 3. Bc4 Nf6 4. Ng5 d5 5. exd5 Nxd5 6. Nxf7 Kxf7 7. Qf3+ Qf6
8. Qxf6+ gxf6 9. Bxd5+ Ke7 10. d3 Bf5 11. Be3 Kd7 12. Nc3 a6 13. O-O Rd8 14.
Rad1 Kc8 15. Bxc6 bxc6 16. a3 Rg8 17. b4 Bh3 18. Rfe1 Rxg2+ 19. Kh1 Bxb4 20.
Bd2 Rxf2 21. Re3 Bg4 22. Rb1 a5 23. Rg3 Rg8 24. Ne4 Rxd2 25. Nxd2 Bxd2 26. h3
Be6 27. Rxg8+ Bxg8 28. Rd1 Bd5+ 29. Kg1 Bf4 30. c4 Be6 31. Rf1 Bxh3 32. Rf3 Bf5
33. Kf2 Kd7 34. Ke2 Bg4 35. Kf2 Bxf3 36. Kxf3 f5 0-1

[Event "DVM U10 2013"]
[Site "Magdeburg GER"]
[Date "2013.12.28"]
[Round "3"]
[White "Gäbler, Jakob"]
[Black "Currenti, Alessandro"]
[Result "1-0"]
[Termination "normal"]
[Board "15.2"]
[WhiteElo "948"]
[BlackElo "720"]
[WhiteTeam "BSG Grün-Weiß Leipzig 2"]
[BlackTeam "Schachzwerge Magdeburg 3"]
[WhiteFideId "16214536"]
[BlackFideId "12998907"]
[EventCountry "GER"]
[EventRounds "6"]
[EventType "team-swiss"]
[EventDate "2013.12.27"]

1. e4 e5 2. Nf3 Nc6 3. Bc4 Bc5 4. Nc3 Nf6 5. d3 O-O 6. Bg5 h6 7. Bh4 d6 8. Nd5
Qe8 9. Bxf6 Bg4 10. Qd2 Nd4 11. Nxd4 Bxd4 12. f3 Be6 13. Nxc7 Qc8 14. Nxa8 Qxa8
15. Bh4 Bxb2 16. Rb1 Ba3 17. Qf2 Bc5 18. Qg3 g5 19. Bxg5 hxg5 20. Qxg5+ Kh8 21.
h4 Rg8 22. Qh6# 1-0

[Event "DVM U10 2013"]
[Site "Magdeburg GER"]
[Date "2013.12.28"]
[Round "3"]
[White "Prick, Paul"]
[Black "Heinicke, Pascal"]
[Result "0-1"]
[Termination "normal"]
[Board "15.3"]
[WhiteElo "779"]
[BlackElo "982"]
[WhiteTeam "Schachzwerge Magdeburg 3"]
[BlackTeam "BSG Grün-Weiß Leipzig 2"]
[EventCountry "GER"]
[EventRounds "6"]
[EventType "team-swiss"]
[EventDate "2013.12.27"]

1. e4 e5 2. Nf3 Nf6 3. Nc3 Nc6 4. Bc4 Bc5 5. d3 d6 6. Bg5 h6 7. Bxf6 gxf6 8.
O-O Bg4 9. h3 Bxh3 10. gxh3 Rg8+ 11. Kh1 Qd7 12. Rg1 Qxh3+ 13. Nh2 O-O-O 14.
Rxg8 Rxg8 15. Bxf7 Qg2# 0-1

[Event "DVM U10 2013"]
[Site "Magdeburg GER"]
[Date "2013.12.28"]
[Round "3"]
[White "Schneider, Luca"]
[Black "Telesh, Volodymyr"]
[Result "1-0"]
[Termination "normal"]
[Board "15.4"]
[WhiteElo "600"]
[BlackElo "768"]
[WhiteTeam "BSG Grün-Weiß Leipzig 2"]
[BlackTeam "Schachzwerge Magdeburg 3"]
[EventCountry "GER"]
[EventRounds "6"]
[EventType "team-swiss"]
[EventDate "2013.12.27"]

1. e4 e5 2. Nf3 Nc6 3. Nc3 Nf6 4. Bc4 Bc5 5. d3 d6 6. Bg5 Bg4 7. O-O O-O 8. a3
Qd7 9. b4 Bb6 10. b5 Na5 11. Ba2 c6 12. a4 Bc7 13. Bd2 b6 14. Ng5 d5 15. Qc1 h6
16. exd5 cxd5 17. Nxd5 Nxd5 18. c4 Nf6 19. Bb4 Rfe8 20. c5 Nb7 21. Bxf7+ Kf8
22. c6+ Qd6 23. Bxd6+ Bxd6 24. cxb7 Rab8 25. Bxe8 Kxe8 26. Qc6+ Ke7 27. d4 hxg5
28. dxe5 Bxe5 29. h3 Bd7 30. Qc1 Bf4 31. Qe1+ Be6 32. g3 Bd6 33. Rd1 Bc5 34.
Qe2 Rxb7 35. Rde1 Kd6 36. Qxe6+ Kc7 37. Qf7+ Nd7 38. Qxg7 Bf8 39. Qxg5 Bb4 40.
Rc1+ Bc5 41. Qf4+ Kd8 42. Qe4 Rc7 43. Qg6 Nf8 44. Rcd1+ Rd7 45. Qf6+ Be7 46.
Qc6 Ke8 47. Rd5 Kf7 48. Rxd7 Nxd7 49. Qxd7 Kf6 50. Re1 Bb4 51. Qd4+ Kf5 52.
Qd5+ Kf6 53. Qe6+ Kg7 54. Re5 Bf8 55. Qf5 Bd6 56. Re6 Bb4 57. Rg6+ Kh7 58. Qh5#
1-0

[Event "DVM U10 2013"]
[Site "Magdeburg GER"]
[Date "2013.12.28"]
[Round "3"]
[White "Fricke, Janek Konrad"]
[Black "Kamp, Adrian"]
[Result "0-1"]
[Termination "normal"]
[Board "16.1"]
[WhiteElo "900"]
[BlackElo "998"]
[WhiteTeam "Schachunion Berlin"]
[BlackTeam "SK Münster 32"]
[WhiteFideId "12997471"]
[BlackFideId "16222466"]
[EventCountry "GER"]
[EventRounds "6"]
[EventType "team-swiss"]
[EventDate "2013.12.27"]

1. e4 c5 2. d4 cxd4 3. c3 dxc3 4. Nxc3 d6 5. Bc4 e6 6. Nf3 Nf6 7. O-O Qc7 8. b3
a6 9. a4 Nc6 10. Ba3 Be7 11. b4 Bd7 12. b5 Na5 13. Ba2 Qxc3 14. e5 Qxa3 15.
exf6 Bxf6 16. Nd4 Qc5 17. Nxe6 Bxa1 18. Nxc5 Be5 19. Bxf7+ Kxf7 20. Nxd7 Rhd8
21. Nxe5+ dxe5 22. Qh5+ Kg8 23. Qxe5 Re8 24. Qd5+ Kh8 25. Rd1 h6 26. h3 Kh7 27.
Qf5+ Kh8 28. Qf3 Kh7 29. b6 Nc6 30. Qf5+ Kh8 31. Qf3 Red8 32. Qg4 Rxd1+ 33.
Qxd1 Rd8 34. Qf3 Re8 35. Qc3 Rd8 36. Qc1 Re8 37. g4 Nd4 38. Qc3 Ne2+ 0-1

[Event "DVM U10 2013"]
[Site "Magdeburg GER"]
[Date "2013.12.28"]
[Round "3"]
[White "Toval, David"]
[Black "Freier, Leon Michel"]
[Result "1-0"]
[Termination "normal"]
[Board "16.2"]
[WhiteElo "996"]
[BlackElo "867"]
[WhiteTeam "SK Münster 32"]
[BlackTeam "Schachunion Berlin"]
[WhiteFideId "12992755"]
[BlackFideId "12992895"]
[EventCountry "GER"]
[EventRounds "6"]
[EventType "team-swiss"]
[EventDate "2013.12.27"]

1. e4 e5 2. Nf3 Nc6 3. Bb5 d6 4. d4 exd4 5. Nxd4 Bd7 6. Bxc6 bxc6 7. Nc3 Nf6 8.
O-O g6 9. Bg5 Bg7 10. Re1 O-O 11. h3 h6 12. Bh4 g5 13. Bg3 Rb8 14. h4 g4 15.
Rb1 c5 16. Nf5 Bxf5 17. exf5 Re8 18. b3 Rxe1+ 19. Qxe1 Qd7 20. Rc1 Re8 21. Qd2
Qxf5 22. Nb5 Nh5 23. Bxd6 Bb2 24. Rb1 Qd7 25. Nxc7 Rc8 26. Qxh6 Qf5 27. Rxb2
Qg6 28. Qxg6+ fxg6 29. Nb5 a6 30. Nc3 Rd8 31. Bxc5 Re8 32. Rb1 Re5 33. Bd4 Re7
34. Kf1 Kf7 35. Re1 Rd7 36. Re4 Nf6 37. Rf4 Rd6 38. Rxf6+ Rxf6 39. Bxf6 Kxf6
40. Ke2 Ke5 41. Ke3 Kf5 42. f3 g3 43. b4 g5 44. hxg5 Kxg5 45. a4 Kf5 46. b5
axb5 47. a5 b4 48. a6 bxc3 49. a7 Ke6 50. a8=Q Kd6 51. Qe4 Kc5 52. Qd4+ Kb5 53.
Qxc3 Ka4 54. Qb3+ Ka5 55. Kd4 Ka6 56. Kc5 Ka7 57. Kc6 Ka6 58. Qb6# 1-0

[Event "DVM U10 2013"]
[Site "Magdeburg GER"]
[Date "2013.12.28"]
[Round "3"]
[White "Fricke, Edna Marlene"]
[Black "Hungeling, David"]
[Result "0-1"]
[Termination "normal"]
[Board "16.3"]
[WhiteElo "732"]
[BlackElo "863"]
[WhiteTeam "Schachunion Berlin"]
[BlackTeam "SK Münster 32"]
[WhiteFideId "12988839"]
[BlackFideId "16222440"]
[EventCountry "GER"]
[EventRounds "6"]
[EventType "team-swiss"]
[EventDate "2013.12.27"]

1. e4 e5 2. Nf3 Nc6 3. Bc4 Bc5 4. c3 Nf6 5. d4 exd4 6. cxd4 Bb4+ 7. Nc3 Nxe4 8.
O-O Nxc3 9. bxc3 Bxc3 10. Ba3 d6 11. Rc1 Ba5 12. d5 Ne7 13. Qa4+ Bd7 14. Qxa5
O-O 15. Nd4 c5 16. Qxd8 Rfxd8 17. Nb5 Bxb5 18. Bxb5 a6 19. Ba4 b5 20. Bb3 c4
21. Bc2 Nxd5 22. Ra1 Nc3 23. Bb2 Ne2+ 24. Kh1 b4 25. a3 c3 26. Bc1 Nd4 27. Be4
d5 28. Bd3 b3 29. Bg5 Rab8 30. Be3 Nb5 31. Bxb5 Rxb5 32. Bd4 Rc8 33. Rfe1 h6
34. a4 Rb4 35. Be5 b2 36. Rab1 f6 37. Bd6 Rb6 38. Ba3 Rb3 39. Bd6 c2 40. h3 0-1

[Event "DVM U10 2013"]
[Site "Magdeburg GER"]
[Date "2013.12.28"]
[Round "3"]
[White "Van Lindt, Raffael"]
[Black "Diedrich, Ben"]
[Result "1-0"]
[Termination "normal"]
[Board "16.4"]
[WhiteElo "808"]
[BlackElo "600"]
[WhiteTeam "SK Münster 32"]
[BlackTeam "Schachunion Berlin"]
[WhiteFideId "12998834"]
[EventCountry "GER"]
[EventRounds "6"]
[EventType "team-swiss"]
[EventDate "2013.12.27"]

1. e4 e5 2. Nf3 Nc6 3. Bc4 Bc5 4. Nc3 Nf6 5. d3 d6 6. Bg5 O-O 7. Nd5 Qe8 8.
Bxf6 Bg4 9. Nxc7 Qb8 10. Nxa8 Qxa8 11. Bg5 Bb4+ 12. c3 Bc5 13. h3 Bd7 14. O-O
Na5 15. b4 Nxc4 16. bxc5 Nb2 17. Qc2 Na4 18. d4 exd4 19. cxd4 dxc5 20. dxc5 Qc8
21. Rac1 b6 22. c6 Be8 23. Qxa4 a6 24. e5 b5 25. Qe4 f6 26. exf6 gxf6 27. Bh6
Bg6 28. Qd5+ Bf7 29. Qd7 Rd8 30. Qxc8 Rxc8 31. c7 Bc4 32. Bf4 Ra8 33. Nd2 Kf8
34. Nxc4 bxc4 35. Rxc4 Rc8 36. Rd4 1-0

[Event "DVM U10 2013"]
[Site "Magdeburg GER"]
[Date "2013.12.28"]
[Round "3"]
[White "Sulayev, Daniel"]
[Black "Kukulina, Sonja"]
[Result "1-0"]
[Termination "normal"]
[Board "17.1"]
[WhiteElo "1149"]
[BlackElo "1229"]
[WhiteTeam "Schachpinguine Berlin 1"]
[BlackTeam "SK München Südost"]
[WhiteFideId "12977675"]
[BlackFideId "12977047"]
[EventCountry "GER"]
[EventRounds "6"]
[EventType "team-swiss"]
[EventDate "2013.12.27"]

1. e4 e5 2. Nf3 Nc6 3. Bc4 Nf6 4. d4 exd4 5. O-O d5 6. e5 dxc4 7. exf6 Qxf6 8.
Re1+ Be6 9. Ng5 O-O-O 10. Nxe6 fxe6 11. Nd2 Bc5 12. Ne4 Qf5 13. Nxc5 Qxc5 14.
Qg4 Qf5 15. Qxf5 exf5 16. Bg5 Rd7 17. Rad1 h6 18. Bf4 g5 19. Bc1 f4 20. f3 h5
21. g3 Rg7 22. Kf2 fxg3+ 23. hxg3 h4 24. g4 h3 25. Kg3 h2 26. Rh1 Rgh7 27. Bxg5
Rh3+ 28. Kg2 R3h7 29. Bf6 Re8 30. Rd2 d3 31. Rxh2 Rxh2+ 32. Kxh2 Re2+ 33. Rxe2
dxe2 34. Bc3 Nd4 35. Kg2 Nxc2 36. Kf2 e1=Q+ 37. Bxe1 Nxe1 38. Kxe1 Kd7 39. Kd2
b5 40. Kc3 Kd6 41. Kd4 c5+ 42. Ke4 b4 43. Ke3 a5 44. f4 b3 45. axb3 cxb3 46.
Kd3 Kd5 47. g5 {nicht mehr nachvollziehbar} 1-0

[Event "DVM U10 2013"]
[Site "Magdeburg GER"]
[Date "2013.12.28"]
[Round "3"]
[White "Grunert, Friedrich"]
[Black "Schepers Aroyo, Adrian"]
[Result "1-0"]
[Termination "normal"]
[Board "17.2"]
[WhiteElo "600"]
[BlackElo "1059"]
[WhiteTeam "SK München Südost"]
[BlackTeam "Schachpinguine Berlin 1"]
[WhiteFideId "12995592"]
[BlackFideId "12977667"]
[EventCountry "GER"]
[EventRounds "6"]
[EventType "team-swiss"]
[EventDate "2013.12.27"]

1. d4 Nf6 2. Nc3 g6 3. e4 d6 4. Bf4 e5 5. dxe5 dxe5 6. Qxd8+ Kxd8 7. Bxe5 Be7
8. O-O-O+ Bd7 9. Nd5 Nxe4 10. Bxh8 Nxf2 11. Be5 Nxd1 12. Nxc7 Nf2 13. Nxa8 Nxh1
14. Bxb8 Nf2 15. Bc4 Bg5+ 16. Kb1 Be6 17. Bxe6 fxe6 18. Bxa7 Ng4 19. Nf3 Bh6
20. h3 Nf6 21. Ne5 Ke7 22. Bc5+ Ke8 23. Nc7+ Kd8 24. Nxe6+ Ke8 25. a4 Nd7 26.
Nxd7 Kxd7 27. Nf8+ Kc6 28. Ba3 Kd5 29. Nxh7 Ke4 30. Nf6+ Kf4 31. h4 Kg3 32. h5
gxh5 33. Nxh5+ Kxg2 34. b4 Bf8 35. Kb2 Kf3 36. b5 Bxa3+ 37. Kxa3 Ke4 38. Kb4
Kd5 39. c4+ Kd6 40. a5 Kc7 41. b6+ Kb8 42. Kb5 Ka8 43. a6 bxa6+ 44. Kxa6 Kb8
45. c5 Kc8 46. c6 Kb8 47. Nf6 Ka8 48. Nd5 Kb8 49. Ne7 Ka8 50. Kb5 Kb8 51. Ka5
Ka8 52. Ka6 Kb8 53. c7+ Ka8 54. b7# 1-0

[Event "DVM U10 2013"]
[Site "Magdeburg GER"]
[Date "2013.12.28"]
[Round "3"]
[White "Schnabel, Luise"]
[Black "Cheng, Dino Liwen"]
[Result "0-1"]
[Termination "normal"]
[Board "17.3"]
[WhiteElo "1369"]
[BlackElo "600"]
[WhiteTeam "Schachpinguine Berlin 1"]
[BlackTeam "SK München Südost"]
[WhiteFideId "12943347"]
[EventCountry "GER"]
[EventRounds "6"]
[EventType "team-swiss"]
[EventDate "2013.12.27"]

1. e4 c5 2. Nf3 g6 3. d4 cxd4 4. Nxd4 Nc6 5. c4 Bg7 6. Be3 Nf6 7. Nc3 Ng4 8.
Qxg4 Nxd4 9. O-O-O d6 10. Qg3 Be5 11. Bf4 Bg7 12. Qe3 e5 13. Bg3 f5 14. f4 exf4
15. Bxf4 Qe7 16. Rxd4 Bxd4 17. Qxd4 O-O 18. Bxd6 Qd8 19. c5 Qf6 20. Be5 Qg5+
21. Kb1 Be6 22. Bc4 Bxc4 23. Qxc4+ Rf7 24. Nb5 Qxg2 25. Rc1 Qxe4+ 26. Qxe4 fxe4
27. Nd6 Re7 28. Bc3 Rc7 29. Nxe4 Re7 30. Nf6+ Kf7 31. Rf1 Re2 32. Nd5+ Kg8 33.
Nf6+ Kf7 34. Ng4+ Ke6 35. Rf6+ Kd5 36. Rf7 h5 37. Nf6+ Kxc5 38. Rc7+ Kb6 39.
Nd5+ Kb5 40. b3 Rd8 41. a4+ Ka6 42. Rc5 b6 43. Nb4+ Kb7 44. Bf6 Rd1+ 45. Rc1
Rxc1+ 46. Kxc1 a5 47. Nd5 Rxh2 48. Bd8 Rg2 49. Bxb6 h4 50. Bxa5 h3 51. Nf4 h2
52. Nxg2 h1=Q+ 53. Kd2 Qxg2+ 54. Kd3 Qd5+ 55. Kc3 Qxa5+ 56. Kc4 g5 57. b4 Qxa4
58. Kc5 g4 59. b5 Qxb5+ 60. Kxb5 g3 61. Kc4 g2 62. Kd3 g1=Q 63. Ke4 Qc5 64. Kd3
Qb4 65. Ke3 Kc6 66. Kd3 Kd5 67. Ke3 Qe4+ 68. Kd2 Qf3 69. Ke1 Qg2 70. Kd1 Ke4
71. Ke1 Kd3 72. Kd1 Qd2# 0-1

[Event "DVM U10 2013"]
[Site "Magdeburg GER"]
[Date "2013.12.28"]
[Round "3"]
[White "Grunert, Wilhelm"]
[Black "Franz, Franz Theodor"]
[Result "0-1"]
[Termination "normal"]
[Board "17.4"]
[WhiteElo "600"]
[BlackElo "889"]
[WhiteTeam "SK München Südost"]
[BlackTeam "Schachpinguine Berlin 1"]
[WhiteFideId "12995673"]
[BlackFideId "12992674"]
[EventCountry "GER"]
[EventRounds "6"]
[EventType "team-swiss"]
[EventDate "2013.12.27"]

1. d4 Nf6 2. Nc3 d5 3. Bf4 Nc6 4. Nf3 e6 5. a3 Bd6 6. Bxd6 cxd6 7. g3 e5 8. e3
Bg4 9. Bg2 e4 10. O-O exf3 11. Bxf3 Be6 12. e4 dxe4 13. Nxe4 O-O 14. Nxf6+ Qxf6
15. d5 Nd4 16. dxe6 Nxf3+ 17. Kg2 Ng5 18. exf7+ Rxf7 19. Qd5 Re8 20. Rae1 Re5
21. Qc4 Qf3+ 22. Kg1 Nh3# 0-1

[Event "DVM U10 2013"]
[Site "Magdeburg GER"]
[Date "2013.12.28"]
[Round "3"]
[White "Kronhardt, David"]
[Black "Heyne, Patrick"]
[Result "0-1"]
[Termination "normal"]
[Board "18.1"]
[WhiteElo "944"]
[BlackElo "840"]
[WhiteTeam "SK Langen"]
[BlackTeam "SC 1994 Oberland 2"]
[EventCountry "GER"]
[EventRounds "6"]
[EventType "team-swiss"]
[EventDate "2013.12.27"]

1. d4 d5 2. Nc3 Nf6 3. Bf4 Nc6 4. Nf3 Bf5 5. a3 e6 6. e3 Ne4 7. Bb5 a6 8. Ba4
Nxc3 9. bxc3 Bd6 10. Be5 O-O 11. Bxc6 bxc6 12. O-O f6 13. Bxd6 cxd6 14. Qe2 Be4
15. Rfc1 e5 16. Nd2 f5 17. Nxe4 dxe4 18. Rd1 Qg5 19. dxe5 dxe5 20. Qc4+ Kh8 21.
Qxc6 f4 22. f3 fxe3 23. Qxe4 Rae8 24. Re1 Rf4 25. Qxe3 e4 26. Kh1 h6 27. Rf1
Re6 {nicht mehr nachvollziehbar} 0-1

[Event "DVM U10 2013"]
[Site "Magdeburg GER"]
[Date "2013.12.28"]
[Round "3"]
[White "Valenta, Hannes"]
[Black "Koholka, Jan"]
[Result "1/2-1/2"]
[Termination "normal"]
[Board "18.2"]
[WhiteElo "833"]
[BlackElo "931"]
[WhiteTeam "SC 1994 Oberland 2"]
[BlackTeam "SK Langen"]
[BlackFideId "34611584"]
[EventCountry "GER"]
[EventRounds "6"]
[EventType "team-swiss"]
[EventDate "2013.12.27"]

1. e4 e5 2. Nf3 Nc6 3. Bc4 Bc5 4. c3 Nf6 5. d4 exd4 6. cxd4 Bb4+ 7. Nc3 O-O 8.
O-O d6 9. Bf4 Bg4 10. Qd3 Re8 11. Ng5 h6 12. Bxf7+ Kf8 13. Bxe8 g6 14. Qc4 Qxe8
15. -- Ba5 16. d5 Ne5 17. Qa4 Rb8 18. h3 Bh5 19. Be3 c5 20. Nb5 Rd8 21. f3 a6
22. Nc3 {Rest nicht nachvollziehbar} 1/2-1/2

[Event "DVM U10 2013"]
[Site "Magdeburg GER"]
[Date "2013.12.28"]
[Round "3"]
[White "Karl, Simon"]
[Black "Seibt, Bruno"]
[Result "1-0"]
[Termination "normal"]
[Board "18.3"]
[WhiteElo "899"]
[BlackElo "767"]
[WhiteTeam "SK Langen"]
[BlackTeam "SC 1994 Oberland 2"]
[WhiteFideId "16217985"]
[BlackFideId "16219988"]
[EventCountry "GER"]
[EventRounds "6"]
[EventType "team-swiss"]
[EventDate "2013.12.27"]

1. d4 d5 2. c4 dxc4 3. Bf4 Nf6 4. e3 Be6 5. Nc3 Nc6 6. Nb5 Nd5 7. Bg3 a6 8. Na3
Nb6 9. Qc2 Qd7 10. Nxc4 Nxc4 11. Bxc4 Bd5 12. e4 Bxc4 13. Qxc4 e6 14. a3 Bd6
15. e5 Be7 16. Nf3 O-O 17. O-O Rad8 18. Rad1 Qd5 19. Qd3 Nxd4 20. Qxd4 Qc6 21.
Qg4 Rxd1 22. Rxd1 Rd8 23. Re1 Qb6 24. Rb1 Bxa3 25. b3 Qxb3 26. Qe4 Qd5 27. Qxd5
Rxd5 28. h3 f6 29. exf6 gxf6 30. Rxb7 c5 31. Rb6 c4 32. Rxa6 Bb2 33. Rxe6 c3
34. Re1 c2 35. Rf1 Rd1 36. Bf4 Rxf1+ 37. Kxf1 Kf8 38. Nd4 c1=Q+ 39. Bxc1 Bxc1
40. Ke2 Bg5 41. Kf3 Kg7 42. Nf5+ Kg6 43. Ne7+ Kf7 44. Nd5 h5 45. g3 h4 46. g4
Ke6 47. Nf4+ Ke5 48. Nd3+ Ke6 49. Ke4 f5+ 50. gxf5+ Kf6 51. f4 Bh6 52. Ne1 Kf7
53. Ke5 Kg7 54. Ng2 Kf8 55. Nxh4 Bg7+ 56. Ke6 Bh6 57. Ng6+ Kg7 58. h4 Kg8 59.
Ke7 Kg7 60. h5 Kg8 61. f6 Kh7 62. f7 Kg7 63. f8=Q+ Kh7 64. Qh8# 1-0

[Event "DVM U10 2013"]
[Site "Magdeburg GER"]
[Date "2013.12.28"]
[Round "3"]
[White "Lehns, Adrian"]
[Black "Reinecke, Alexander"]
[Result "0-1"]
[Termination "normal"]
[Board "18.4"]
[WhiteElo "758"]
[BlackElo "803"]
[WhiteTeam "SC 1994 Oberland 2"]
[BlackTeam "SK Langen"]
[BlackFideId "12991570"]
[EventCountry "GER"]
[EventRounds "6"]
[EventType "team-swiss"]
[EventDate "2013.12.27"]

1. e4 e5 2. Nf3 Nc6 3. Bc4 Bc5 4. c3 Nf6 5. d4 exd4 6. cxd4 Bb6 7. d5 Na5 8.
Be2 Nxe4 9. O-O O-O 10. Bd3 Re8 11. Re1 Bxf2+ 12. Kh1 Bxe1 13. Qxe1 Nc5 14.
Qxa5 Nxd3 15. Bg5 f6 16. Bh4 d6 17. Qc3 Nf4 18. Bg3 Ne2 19. Qd3 Nxg3+ 20. hxg3
Bg4 21. Nh4 {nicht mehr nachvollziehbar} 0-1

[Event "DVM U10 2013"]
[Site "Magdeburg GER"]
[Date "2013.12.28"]
[Round "3"]
[White "Grund, Sebastian"]
[Black "Späth, Christoph"]
[Result "1-0"]
[Termination "normal"]
[Board "19.1"]
[WhiteElo "1253"]
[BlackElo "977"]
[WhiteTeam "MTV 1876 Saalfeld"]
[BlackTeam "Schach-Kids Bernhausen 2"]
[WhiteFideId "12988626"]
[EventCountry "GER"]
[EventRounds "6"]
[EventType "team-swiss"]
[EventDate "2013.12.27"]

1. c4 e5 2. g3 Nf6 3. Bg2 Bc5 4. e3 d6 5. Ne2 Bg4 6. a3 Nc6 7. b4 Bb6 8. Bb2
O-O 9. O-O a6 10. Nbc3 d5 11. cxd5 Nxd5 12. Nxd5 a5 13. Nxb6 cxb6 14. b5 Nb8
15. Bxe5 Nd7 16. Bd6 Re8 17. Bxb7 Ra7 18. Bg2 Re6 19. f3 Rxd6 20. fxg4 Nf6 21.
Nd4 Qd7 22. g5 Ng4 23. Rc1 g6 24. Qc2 Rxd4 25. Qc8+ Kg7 26. Qc3 Kg8 27. Qxd4
Qxd4 28. exd4 Re7 29. h3 Ne3 30. dxe3 Rxe3 31. d5 Rd3 32. Rcd1 Rxd1 33. Rxd1
Kf8 34. d6 Ke8 35. d7+ Kd8 36. a4 h5 37. gxh6 f5 38. h7 Ke7 39. d8=Q+ Ke6 40.
Qd6+ Kf7 41. Re1 Kg7 42. Re7+ Kh6 43. Qf4+ g5 44. Qd6+ Kh5 45. h8=R# 1-0

[Event "DVM U10 2013"]
[Site "Magdeburg GER"]
[Date "2013.12.28"]
[Round "3"]
[White "Floeter, Nina"]
[Black "Gräf, Patrick"]
[Result "1/2-1/2"]
[Termination "normal"]
[Board "19.2"]
[WhiteElo "747"]
[BlackElo "818"]
[WhiteTeam "Schach-Kids Bernhausen 2"]
[BlackTeam "MTV 1876 Saalfeld"]
[EventCountry "GER"]
[EventRounds "6"]
[EventType "team-swiss"]
[EventDate "2013.12.27"]

1. e4 e5 2. Nf3 Nc6 3. Bc4 Nf6 4. Ng5 d5 5. exd5 Nxd5 6. Qh5 g6 7. Qf3 Qxg5 8.
Bxd5 Be6 9. d4 O-O-O 10. Bxg5 Rxd5 11. O-O Nxd4 12. Qf6 Rg8 13. Nc3 Rd6 14.
Rad1 Bc4 15. Ne4 Rxf6 16. Bxf6 Bxf1 17. Rxf1 Nxc2 18. Rd1 Bb4 19. Bxe5 Re8 20.
f4 f5 21. Nf6 Re6 22. Rc1 Bc5+ 23. Kf1 Ne3+ 24. Ke1 Bb4+ 25. Ke2 Nxg2 26. Rxc7+
Kd8 27. Rxb7 Bd6 28. Rd7+ Kc8 29. Rxh7 Bxe5 30. fxe5 Rxe5+ 31. Kf2 Nf4 32. Kf3
Nd3 33. b3 Re6 34. Ng8 Ne5+ 35. Ke3 Ng4+ 36. Kf4 Ne3 37. Ne7+ Kd8 38. Kf3
1/2-1/2

[Event "DVM U10 2013"]
[Site "Magdeburg GER"]
[Date "2013.12.28"]
[Round "3"]
[White "Kramer, Maximilian"]
[Black "Akbaba, Eren"]
[Result "1-0"]
[Termination "normal"]
[Board "19.3"]
[WhiteElo "794"]
[BlackElo "758"]
[WhiteTeam "MTV 1876 Saalfeld"]
[BlackTeam "Schach-Kids Bernhausen 2"]
[EventCountry "GER"]
[EventRounds "6"]
[EventType "team-swiss"]
[EventDate "2013.12.27"]

1. e4 e5 2. Nf3 Nc6 3. Nc3 Nf6 4. Bd3 Bc5 5. O-O O-O 6. h3 d6 7. Bb5 a6 8. Bxc6
bxc6 9. d3 h6 10. Bd2 Bb4 11. a3 Bxc3 12. Bxc3 d5 13. Bb4 Re8 14. exd5 cxd5 15.
Bc3 c5 16. Bxe5 a5 17. Bxf6 Qxf6 18. d4 Ba6 19. Re1 Rab8 20. Rxe8+ Rxe8 21.
dxc5 Qg6 22. Rc1 Be2 23. Qxd5 Bxf3 24. Qxf3 Qe6 25. c6 Qc8 26. Qd5 Qxc6 27. Rd1
Qc8 28. Qd7 Qa8 29. Qd5 Qb8 30. b3 Rd8 31. Qxd8+ Qxd8 32. Rxd8+ Kh7 33. b4 a4
34. b5 f6 35. b6 f5 36. b7 Kg6 37. b8=Q f4 38. Qxf4 Kh7 39. Qe4+ g6 40. Rd7+
Kh8 41. Qe8# 1-0

[Event "DVM U10 2013"]
[Site "Magdeburg GER"]
[Date "2013.12.28"]
[Round "3"]
[White "Watzal, Simon"]
[Black "Kubelt, Lycian"]
[Result "1-0"]
[Termination "normal"]
[Board "19.4"]
[WhiteElo "600"]
[BlackElo "762"]
[WhiteTeam "Schach-Kids Bernhausen 2"]
[BlackTeam "MTV 1876 Saalfeld"]
[EventCountry "GER"]
[EventRounds "6"]
[EventType "team-swiss"]
[EventDate "2013.12.27"]

1. c4 e5 2. d3 Bb4+ 3. Bd2 Bxd2+ 4. Qxd2 d6 5. Nf3 Nc6 6. e3 Nf6 7. d4 e4 8.
Nh4 Nh5 9. g3 O-O 10. Bg2 Nf6 11. Nc3 Re8 12. d5 Na5 13. b3 h6 14. O-O g5 15.
Ne2 c5 16. Nf3 exf3 17. Bxf3 Bh3 18. Bg2 Bxg2 19. Kxg2 Ne4 20. Qd3 Qf6 21. f3
Qf5 22. Nc3 Qg6 23. fxe4 Rf8 24. Qe2 f5 25. Qf3 fxe4 26. Qxe4 Qxe4+ 27. Nxe4
Rxf1 28. Rxf1 Kg7 29. Nxd6 Rd8 30. Nxb7 Nxb7 31. a3 a5 32. Rb1 Re8 33. Kf2 Rf8+
34. Ke2 Nd6 35. Kd3 Rf2 36. h4 gxh4 37. gxh4 Kg6 38. b4 axb4 39. axb4 cxb4 40.
Rxb4 Rg2 41. c5 Nc8 42. Rb8 Ne7 43. d6 Nc6 44. Rc8 Na7 45. d7 Nxc8 46. dxc8=Q
Kf6 47. Qc6+ Ke5 48. Qxg2 h5 49. Qg6 Kd5 50. c6 Kc5 51. c7 Kb5 52. c8=R Ka5 53.
Qg1 Kb6 54. Qb1+ Ka7 55. Rc2 Ka6 56. Ra2# 1-0

[Event "DVM U10 2013"]
[Site "Magdeburg GER"]
[Date "2013.12.28"]
[Round "3"]
[White "Frank, Cillian"]
[Black "Kahlsdorf, Fabian"]
[Result "0-1"]
[Termination "normal"]
[Board "20.1"]
[WhiteElo "746"]
[BlackElo "907"]
[WhiteTeam "TuRa Harksheide 2"]
[BlackTeam "Braunschweiger SF"]
[WhiteFideId "16245202"]
[BlackFideId "16201140"]
[EventCountry "GER"]
[EventRounds "6"]
[EventType "team-swiss"]
[EventDate "2013.12.27"]

1. e4 e5 2. Nf3 Nc6 3. Bc4 Nf6 4. Nc3 Nxe4 5. Nxe4 d5 6. Bxd5 Qxd5 7. d3 Bf5 8.
Nfg5 h6 9. Nf3 Bxe4 10. dxe4 Qxe4+ 11. Qe2 Qxe2+ 12. Kxe2 Bc5 13. Rd1 Rd8 14.
Rxd8+ Kxd8 15. g4 Nd4+ 16. Nxd4 exd4 17. Bf4 g5 18. Be5 Re8 19. Kd3 Rxe5 20. c3
dxc3 21. bxc3 Bxf2 22. Rf1 Bb6 23. Rxf7 Re7 24. Rf6 Ba5 25. Rxh6 Rd7+ 26. Kc2
c5 27. Rg6 Rd5 28. h4 b5 29. Rxg5 Rxg5 30. hxg5 Ke8 31. g6 Kf8 32. Kd3 Kg7 33.
Ke4 Kxg6 34. Kd5 Bb6 35. Kc6 b4 36. c4 a5 37. Kxb6 a4 38. Kxc5 b3 39. axb3 axb3
40. Kb4 b2 41. c5 b1=Q+ 42. Kc4 Qc2+ 43. Kb5 Kf6 44. c6 Ke6 45. Kb6 Kd6 46. g5
Qxc6+ 47. Ka5 Kc5 48. g6 Qb5# 0-1

[Event "DVM U10 2013"]
[Site "Magdeburg GER"]
[Date "2013.12.28"]
[Round "3"]
[White "Kahlsdorf, Hendrik"]
[Black "Löding, Sarah-Marie"]
[Result "1-0"]
[Termination "normal"]
[Board "20.2"]
[WhiteElo "898"]
[BlackElo "713"]
[WhiteTeam "Braunschweiger SF"]
[BlackTeam "TuRa Harksheide 2"]
[WhiteFideId "16201159"]
[BlackFideId "16245164"]
[EventCountry "GER"]
[EventRounds "6"]
[EventType "team-swiss"]
[EventDate "2013.12.27"]

1. e4 e5 2. Nf3 Nc6 3. d4 exd4 4. Nxd4 Nxd4 5. Qxd4 Nf6 6. e5 Nh5 7. g4 Nf6 8.
exf6 gxf6 9. Nc3 Qe7+ 10. Qe4 Qxe4+ 11. Nxe4 d5 12. Nxf6+ Kd8 13. Nxd5 Bxg4 14.
Bg5+ Ke8 15. Nxc7+ Kd7 16. Nxa8 Bf3 17. Bb5+ Kc8 18. Rg1 Bg7 19. Rg3 Bxb2 20.
Rb1 Bc3+ 21. Kf1 Bd5 22. Rxc3+ Kb8 23. Nc7 Bxa2 24. Rb2 Be6 25. Nxe6 fxe6 26.
Ba6 b6 27. Bf6 Ka8 28. Rc8+ Rxc8 29. Bxc8 h5 30. Rb3 h4 31. Rc3 e5 32. Ba6 Kb8
33. Rc8# 1-0